| LEADER | 00418na a2200133 4500 | ||
|---|---|---|---|
| 001 | 10058159 | ||
| 003 | upatras | ||
| 005 | 20210117200909.0 | ||
| 008 | 061018 | ||
| 245 | 1 | 0 | |a στοιχεια μηχανων |
| 852 | |a GR-PaULI |b ΠΑΤΡΑ |b ΦΥΣΙΚΟ |p 025000018830 | ||
| 942 | |2 ddc | ||
| 952 | |0 0 |1 0 |4 0 |7 0 |9 54247 |a PHYS |b PHYS |d 2016-04-24 |l 0 |p 025000018830 |r 2016-04-24 00:00:00 |w 2016-04-24 | ||
| 999 | |c 34564 |d 34564 | ||